000 00448nam a22001457a 4500
005 20180821122058.0
020 _a8170003814
_c375.00
035 _aB-220000, B-219999, B-220005
037 _aDPL
_bENG
100 _aSinha, S. C.
245 _aLibrary buildings and furniture : Design and planning /
_cby S. C. Sinha
260 _aNew Delhi
_bEss Ess Publications
_c2004
300 _a162p.
_c20 cms.
942 _2ddc
_cEN
_h022.3
_mSIN
999 _c63286
_d63286